Labour surplus and capital shortage German unemployment in the first decade after the currency reform

Enregistré dans:
Détails bibliographiques
Auteur principal: Paqué, Karl-Heinz
Format: Livre
Langue:anglais
Publié: Kiel Institut für Weltwirtschaft 1987
Collection:Working paper no. 290
Tags: Ajouter un tag
Pas de tags, Soyez le premier à ajouter un tag!

MARC

LEADER 00000nam a2200000 4500
001 c111130
005 20181203150319.0
041 0 |a eng 
044 |a DE 
245 1 0 |a Labour surplus and capital shortage  |b German unemployment in the first decade after the currency reform  |c Karl-Heinz Paqué 
264 1 |a Kiel  |b Institut für Weltwirtschaft  |c 1987 
300 |a 31 s. 
490 1 |a Working paper  |v no. 290 
830 0 |a Working paper  |v no. 290 
100 1 |a Paqué, Karl-Heinz